| 000 | 00414nam a22001337a 4500 | ||
|---|---|---|---|
| 020 | _a9780070705944 | ||
| 040 | _cNust | ||
| 082 |
_a515.35 _bWIL |
||
| 100 |
_aRichard E. Williamson _9113410 |
||
| 245 | _aIntroduction to deferential equations and dynamic system | ||
| 260 |
_aNew York: _bMcGraw-Hill Inc, _c1996. |
||
| 650 |
_aIntroduction to deferential equations and dynamic system _9125609 |
||
| 942 |
_2ddc _cBK |
||
| 999 |
_c611342 _d611342 |
||